logo

Bir Sreshtho Munshi Abdur Rouf Library
Jhenaidah Cadet College

The law and the profits / (Record no. 10143)

MARC details
000 -LEADER
fixed length control field 00675cam a22002411 4500
001 - CONTROL NUMBER
JCCL Control Number 10143
003 - CONTROL NUMBER IDENTIFIER
JCCL marc code BD-JhCC
005 - DATE AND TIME OF LATEST TRANSACTION
control field 20180418181210.0
008 - FIXED-LENGTH DATA ELEMENTS--GENERAL INFORMATION
fixed length control field 180417s1960 maua 000 0 eng
035 ## - SYSTEM CONTROL NUMBER
system control number (BD-JhCC)10143
040 ## - CATALOGING SOURCE
Original cataloging agency DLC
Transcribing agency DLC
Modifying agency DLC
-- BD-JhCC
041 ## - LANGUAGE CODE
Language code of Book eng
050 00 - LIBRARY OF CONGRESS CALL NUMBER
Classification number HJ2306
Item number .P19
082 00 - DEWEY DECIMAL CLASSIFICATION NUMBER
Classification number 336.2
Author mark and Year PAR 1960
100 1# - MAIN ENTRY--PERSONAL NAME
Personal name Parkinson, C. Northcote
Fuller form of name (Cyril Northcote),
Dates associated with a name 1909-1993.
245 14 - TITLE STATEMENT
Title The law and the profits /
Statement of responsibility, etc Illustrated by Robert C. Osborn.
260 ## - PUBLICATION, DISTRIBUTION, ETC. (IMPRINT)
Place of publication, distribution, etc Boston :
Name of publisher, distributor, etc Houghton Mifflin,
Date of publication, distribution, etc 1960.
300 ## - PHYSICAL DESCRIPTION
Pagination 192 p.
Other physical details illus.
Dimensions 22 cm.
650 #0 - SUBJECT ADDED ENTRY--TOPICAL TERM
Topical term or geographic name as entry element Taxation.
650 #0 - SUBJECT ADDED ENTRY--TOPICAL TERM
Topical term or geographic name as entry element English wit and humor.
942 ## - ADDED ENTRY ELEMENTS (KOHA)
Source of classification or shelving scheme Dewey Decimal Classification
Koha item type Books
Holdings
Source of classification or shelving scheme Damaged status Not for loan Home library Current library Shelving location Date of accession Total Checkouts Full call number Barcode Date last seen Copy number Koha item type
Dewey Decimal Classification     JCC Rouf Library JCC Rouf Library General Stacks 04/17/2018   336.2 PAR 1960 12195 04/18/2018 C-1 Books

JCC Library | Contacts | JCC Home

Last Update on 23 September 2017
Copyright @ 2017-2020 JCC Rouf Library
Rouf Library, Jhenidah Cadet College (JCC), Bangladesh